The gathering / (Record no. 188235)
[ view plain ]
| 000 -LEADER | |
|---|---|
| fixed length control field | 00739 a2200205 4500 |
| 008 - FIXED-LENGTH DATA ELEMENTS--GENERAL INFORMATION | |
| fixed length control field | 090330t xxu||||| |||| 00| 0 eng d |
| 010 ## - LCCN (DPL NO) | |
| LC control number | B-226664 |
| 020 ## - INTERNATIONAL STANDARD BOOK NUMBER | |
| International Standard Book Number | 9780099523826 |
| Terms of availability | 337.50 (£ 3.75) |
| 035 ## - SYSTEM CONTROL NUMBER | |
| System control number | b-226664 |
| 037 ## - SOURCE OF ACQUISITION | |
| Source of stock number/acquisition | Super |
| 040 ## - CATALOGING SOURCE | |
| Original cataloging agency | dpl |
| Language of cataloging | English |
| 082 ## - DEWEY DECIMAL CLASSIFICATION NUMBER | |
| Classification number | N |
| 100 ## - MAIN ENTRY--PERSONAL NAME | |
| Personal name | Enright, Anne |
| 245 ## - TITLE STATEMENT | |
| Title | The gathering / |
| Statement of responsibility, etc | by Anne Enright |
| 260 ## - PUBLICATION, DISTRIBUTION, ETC. (IMPRINT) | |
| Place of publication, distribution, etc | London |
| Name of publisher, distributor, etc | Vintage Books |
| Date of publication, distribution, etc | 2007 |
| 270 ## - ADDRESS | |
| Address | Random House, 20 Vauxhall Bridge Road, |
| City | London |
| Postal code | SW 1V 2SA |
| Electronic mail address | www.vintage-books.co.uk |
| 300 ## - PHYSICAL DESCRIPTION | |
| Extent | 260p |
| Dimensions | 18cm.(pbk) |
| 942 ## - ADDED ENTRY ELEMENTS (KOHA) | |
| Institution code [OBSOLETE] | dpl |
| Item type | English Books |
| Source of classification or shelving scheme | Dewey Decimal Classification |
| Classification part | N |
| Call number suffix | ENR |
| Withdrawn status | Lost status | Source of classification or shelving scheme | Damaged status | Not for loan | Home library | Current library | Date acquired | Total Checkouts | Total Renewals | Full call number | Barcode | Date last seen | Koha item type |
|---|---|---|---|---|---|---|---|---|---|---|---|---|---|
| Dewey Decimal Classification | Sarojini Nagar | Sarojini Nagar | 13/05/2022 | 3 | 2 | N ENR | B-226664 | 06/01/2025 | English Books |
